MUJERES INSURGENTES (Registro nro. 56920)
[ vista simple ]
| 000 -LEADER | |
|---|---|
| fixed length control field | 01080nam a2200205 a 4500 |
| 001 - CONTROL NUMBER | |
| control field | 56920 |
| 005 - DATE AND TIME OF LATEST TRANSACTION | |
| control field | 20180714052917.0 |
| 008 - FIXED-LENGTH DATA ELEMENTS--GENERAL INFORMATION | |
| fixed length control field | 140415s2010 mx 000 0 spa d |
| 020 ## - INTERNATIONAL STANDARD BOOK NUMBER | |
| International Standard Book Number | 978607030101957 |
| 041 ## - LANGUAGE CODE | |
| Language code of text/sound track or separate title | spa |
| 082 ## - DEWEY DECIMAL CLASSIFICATION NUMBER | |
| Classification number | 972.032 |
| Item number | SEN |
| 100 1# - MAIN ENTRY--PERSONAL NAME | |
| Personal name | SENADO DE LA REPUBLICA |
| 245 10 - TITLE STATEMENT | |
| Title | MUJERES INSURGENTES |
| 250 ## - EDITION STATEMENT | |
| Edition statement | 1a ed. |
| 260 ## - PUBLICATION, DISTRIBUTION, ETC. | |
| Place of publication, distribution, etc. | MEXICO : |
| Name of publisher, distributor, etc. | SENADO DE LA REPUBLICA, |
| Date of publication, distribution, etc. | 2010 |
| 300 ## - PHYSICAL DESCRIPTION | |
| Extent | 61 |
| Dimensions | 14.9 x 1.3 x 22.95 |
| 490 ## - SERIES STATEMENT | |
| Series statement | CULTURA DE LA RENDICION DE CUENTAS |
| 520 ## - SUMMARY, ETC. | |
| Summary, etc. | EN MEXICO LA HISTORIOGRAFIA DE GENERO HA PROLIFERADO EN LAS UTLIMAS DOS DECADAS. NO OBSTANTE, ALGUNAS MUJERES LOGRARON TRASCENDER DESDE SU EPOCA, EN UN MUNDO DE HOMBRES. EN LA INSURGENCIA, LOS NOMBRES DE JOSEFA ORTIZ, LEONA VICARIO O LA GUERA RODRIGUEZ FUERON CONSIGNADOS DESDE LOS PRIMEROS CRONISTAS DE ESTE PROCESO REVOLUCIONARIO. EN CAMBIO, DE LA REVOLUCION TRASCENDIO EL COLECTIVO ANONIMO DE LAS SOLDADEAS, MAS QUE NOMBRES INDIVIDUALES. |
| 650 14 - SUBJECT ADDED ENTRY--TOPICAL TERM | |
| Topical term or geographic name entry element | MEXICO |
| General subdivision | HISTORIA |
| -- | GUERRA DE INDEPENDENCIA, 1810 |
| -- | 1821 ATLAS |
| -- | MUJERES MEXICANAS |
| -- | REVOLUCIONARIOS MEXICANOS |
| Withdrawn status | Lost status | Source of classification or shelving scheme | Damaged status | Not for loan | Collection code | Home library | Current library | Shelving location | Date acquired | Source of acquisition | Inventory number | Total Checkouts | Full call number | Barcode | Date last seen | Price effective from | Koha item type |
|---|---|---|---|---|---|---|---|---|---|---|---|---|---|---|---|---|---|
| Dewey Decimal Classification | General | Biblioteca Karol Wojtyla | Biblioteca Karol Wojtyla | Sala general | 03/12/2013 | Compra | 151000000000000000037707 | 972.032 SEN | 86027 | 05/01/2026 | 03/12/2013 | Libro |